Promozione precoce della salute: prospettive psicoanalitiche d'intervento (Record n. 336786)
[ formato base ]
| 000 -LEADER | |
|---|---|
| campo di controllo lung. fissa | nam a22 7a 4500 |
| 003 - Identificatore del numero di controllo | |
| campo di controllo | IT-MiCISF |
| 005 - Data e orario dell'ultima transazione | |
| campo di controllo | 20171010170202.0 |
| 008 - Elementi di lunghezza fissa--Informazione generale | |
| campo di controllo lung. fissa | 171010b xxu||||| |||| 00| 0 eng d |
| 040 ## - Fonte della catalogazione | |
| Agenzia catalografica originale | IT-MiCISF |
| Agenzia che fa la trascrizione | IT-MiCISF |
| 041 ## - Codice di lingua | |
| Codice di lingua del testo/traccia sonora o titolo separato | it |
| 100 ## - Accesso principale -- nome di persona | |
| Nome di persona | Micotti Sara (a cura di) |
| 9 (RLIN) | 56589 |
| 210 ## - Titolo abbreviato | |
| Titolo abbreviato | Interazioni |
| 222 ## - Titolo chiave | |
| Titolo chiave | 17210143 |
| 245 ## - Formulazione del titolo | |
| Titolo | Promozione precoce della salute: prospettive psicoanalitiche d'intervento |
| 260 ## - Pubblicazione, distribuzione, ecc. (stampa) | |
| Data di pubblicazione, distribuzione, ecc. | 2015 |
| 300 ## - Descrizione fisica | |
| Estensione | pp. 7-113 |
| 310 ## - Periodicità corrente della pubblicazione | |
| Periodicità corrente della pubblicazione | semestrale |
| 362 ## - Date della pubblicazione e/o designazione sequenziale | |
| Date della pubblicazione e/o designazione sequenziale | n. 1 |
| 500 ## - Nota generale | |
| Nota generale | terapia-familiare, case-studies, periodo-neonatale, servizi-sanitari, psicoanalisi |
| 650 ## - Accesso aggiunto di soggetto--termine topico | |
| Termine topico o nome geografico come accesso | terapia |
| 9 (RLIN) | 56160 |
| 654 ## - Accesso aggiunto di soggetto--termini topici faccettati | |
| Termine principale | dossier |
| 700 ## - Accesso aggiunto--nome di persona | |
| Nome di persona | Mondadori C. |
| -- | Salononsson B. |
| -- | Nicolò A.M. |
| -- | Scotto di Fasano D. |
| -- | Grassi L. |
| -- | De Vita C. |
| -- | Pezzuto A. |
| -- | Benlodi A. |
| -- | Ricciotti V. |
| 9 (RLIN) | 56590 |
| 942 ## - Dati aggiuntivi (Koha) | |
| Fonte della classificazione o dello schema di collocazione (segnatura) | Dewey Decimal Classification |
| Tipo copia default (Koha) | RIVISTA |
| Ritirato (status) | Perso (status) | Fonte della classificazione o dello schema di collocazione (segnatura) | Danneggiato (status) | Non per il presito | Biblioteca proprietaria | Biblioteca in cui si trova | Data d'acquisizione | Totale prestiti | Collocazione | Data ultima operazione | Prezzo in vigore dal | Tipo copia default (Koha) |
|---|---|---|---|---|---|---|---|---|---|---|---|---|
| Dewey Decimal Classification | Buone Condizioni | Not For Loan | CISF - Milano | CISF - Milano | 10/10/2017 | A04/R034 | 10/10/2017 | 10/10/2017 | RIVISTA |